Library of the University of Algiers 3
Ibrahim Sultan Cheibout
شعار جامعة الجزائر 3
مكتبة جامعة الجزائر 3
إبراهيم سلطان شيبوط

علم نفس الطفل غير العادي (رقم التسجيلة. 13231)

تفاصيل مارك
000 -LEADER
fixed length control field 00702nam a2200229Ia 4500
003 - CONTROL NUMBER IDENTIFIER
control field IEPS
005 - DATE AND TIME OF LATEST TRANSACTION
control field 20250703135315.0
008 - FIXED-LENGTH DATA ELEMENTS--GENERAL INFORMATION
fixed length control field 250223s9999||||xx |||||||||||||| ||und||
020 ## - INTERNATIONAL STANDARD BOOK NUMBER
International Standard Book Number 9789957063061
040 ## - CATALOGING SOURCE
-- IEPS
041 ## - LANGUAGE CODE
Language code of text/sound track or separate title ara
082 ## - DEWEY DECIMAL CLASSIFICATION NUMBER
Classification number 155.4
100 ## - MAIN ENTRY--PERSONAL NAME
Personal name البطاينة اسامة محمد
245 #0 - TITLE STATEMENT
Title علم نفس الطفل غير العادي
250 ## - EDITION STATEMENT
Edition statement ط. 02
260 ## - PUBLICATION, DISTRIBUTION, ETC.
Place of publication, distribution, etc. عمان
Name of publisher, distributor, etc. دار المسيرة للنشر و التوزيع و الطباعة
Date of publication, distribution, etc. 2009
300 ## - PHYSICAL DESCRIPTION
Extent 688 ص.
Other physical details جداول ، رسوم
Dimensions 24 سم.
653 ## - INDEX TERM--UNCONTROLLED
Uncontrolled term الطفولة
653 ## - INDEX TERM--UNCONTROLLED
Uncontrolled term علم نفس الطفولة
700 ## - ADDED ENTRY--PERSONAL NAME
Personal name الجراح عبد الناصر ذياب
942 ## - ADDED ENTRY ELEMENTS (KOHA)
Koha item type كتب
المقتنيات
Withdrawn status Lost status Source of classification or shelving scheme Damaged status Not for loan Home library Current library Date acquired Inventory number Total checkouts Full call number Barcode Date last seen Copy number Price effective from Koha item type
    Dewey Decimal Classification   NOT LOAN / إعارة داخلية مكتبة معهد التربية البدنية و الرياضية مكتبة معهد التربية البدنية و الرياضية 23/02/2025 invar3644   155.4 ا ا ع / 1 invar3644 23/02/2025 ل ع 1229 / 1 23/02/2025 كتب
    Dewey Decimal Classification   Available مكتبة معهد التربية البدنية و الرياضية مكتبة معهد التربية البدنية و الرياضية 23/02/2025 invar3645   155.4 ا ا ع / 2 invar3645 23/02/2025 ل ع 1229 / 2 23/02/2025 كتب
    Dewey Decimal Classification   Available مكتبة معهد التربية البدنية و الرياضية مكتبة معهد التربية البدنية و الرياضية 23/02/2025 invar6534   155.4 ا ا ع / 3 invar6534 23/02/2025 ل ع 1229 / 3 23/02/2025 كتب
    Dewey Decimal Classification   Available مكتبة معهد التربية البدنية و الرياضية مكتبة معهد التربية البدنية و الرياضية 23/02/2025 invar6535   155.4 ا ا ع / 4 invar6535 23/02/2025 ل ع 1229 / 4 23/02/2025 كتب
    Dewey Decimal Classification   Available مكتبة معهد التربية البدنية و الرياضية مكتبة معهد التربية البدنية و الرياضية 23/02/2025 invar6536   155.4 ا ا ع / 5 invar6536 23/02/2025 ل ع 1229 / 5 23/02/2025 كتب
    Dewey Decimal Classification   Available مكتبة معهد التربية البدنية و الرياضية مكتبة معهد التربية البدنية و الرياضية 23/02/2025 invar7491   155.4 ا ا ع / 6 invar7491 23/02/2025 ل ع 1229 / 6 23/02/2025 كتب
    Dewey Decimal Classification   Available مكتبة معهد التربية البدنية و الرياضية مكتبة معهد التربية البدنية و الرياضية 23/02/2025 invar7492   155.4 ا ا ع / 7 invar7492 23/02/2025 ل ع 1229 / 7 23/02/2025 كتب
    Dewey Decimal Classification   Available المكتبة المركزية لجامعة الجزائر 3 مكتبة معهد التربية البدنية و الرياضية 23/02/2025 invar7493   155.4 ا ا ع / 8 invar7493 23/02/2025 ل ع 1229 / 8 23/02/2025 كتب

موارد الويب المفتوحة


© University of Algiers 3 All Rights Reserved
|
Implemented by LECHELAH Riad